| 000 | 01099cam a22003258i 4500 | ||
|---|---|---|---|
| 001 | 020869913 | ||
| 003 | EG-ScBUE | ||
| 005 | 20230926101132.0 | ||
| 008 | 230109s2023 enka f bd 000 0 eng d | ||
| 020 | _a9781913947927 | ||
| 040 |
_aStDuBDS _beng _erda _cStDuBDS _dEG-ScBUE |
||
| 082 | 0 | 4 |
_a746.92023 _222 _bALB |
| 100 | 1 |
_aAlbu, Tamara, _eauthor. |
|
| 245 | 1 | 0 |
_aFashion portfolio : _bcreate, curate, innovate / _cTamara Albu, Michelle Nahum-Albright. |
| 264 | 1 |
_aLondon : _bLaurence King Publishing, _c2023. |
|
| 300 |
_a208 pages : _billustrations ; _c28 cm |
||
| 336 |
_atext _2rdacontent _btxt |
||
| 336 |
_astill image _2rdacontent _btxt |
||
| 337 |
_aunmediated _2rdamedia _bn |
||
| 338 |
_avolume _2rdacarrier _bnc |
||
| 500 | _aIncludes glossary. | ||
| 504 | _aIncludes bibliographical references. | ||
| 650 | 7 |
_aFashion design _xVocational guidance. _2BUEsh |
|
| 650 | 7 |
_aEmployment portfolios. _2BUEsh |
|
| 653 |
_cSeptember2023 _bART _2FD |
||
| 655 | _vReading book | ||
| 700 | 1 |
_aNahum-Albright, Michelle, _eauthor. |
|
| 776 | 0 | 8 |
_iebook version : _z9781529419870 |
| 942 |
_2ddc _cBB |
||
| 999 |
_c30584 _d30555 |
||